Statistics for NFL Comeback Player of the Year

Click here to take the quiz!

General Stats

  • This quiz has been taken 1,156 times
    (1,128 since last reset)
  • The average score is 12 of 44

Answer Stats

HintAnswerTeamPosition% Correct
2012Peyton ManningDenver BroncosQuarterback
88%
2013Philip RiversSan Diego ChargersQuarterback
87%
2009Tom BradyNew England PatriotsQuarterback
86%
2011Matthew StaffordDetroit LionsQuarterback
84%
2010Michael VickPhiladelphia EaglesQuarterback
75%
1994Dan MarinoMiami DolphinsQuarterback
71%
2005Steve SmithCarolina PanthersWide Receiver
66%
1986Joe MontanaSan Francisco 49ersQuarterback
43%
1992Randall CunninghamPhiladelphia EaglesQuarterback
39%
1996Jerome BettisPittsburgh SteelersRunning Back
38%
2008Chad PenningtonMiami DolphinsQuarterback
36%
2006Chad PenningtonNew York JetsQuarterback
36%
1974Joe NamathNew York JetsQuarterback
35%
1981Ken AndersonCincinatti BengalsQuarterback
29%
1989Ottis AndersonNew York GiantsRunning Back
29%
1983Billy JohnsonAtlanta FalconsWide Receiver
25%
2000Joe JohnsonNew Orleans SaintsDefensive End
25%
1999Bryant YoungSan Francisco 49ersDefensive Tackle
24%
2005Tedy BruschiNew England PatriotsLinebacker
24%
1980Jim PlunkettOakland RaidersQuarterback
21%
1979Larry CsonkaMiami DolphinsFullback
21%
1978John RigginsWashington RedskinsRunning Back
19%
1993Marcus AllenKansas City ChiefsRunning Back
18%
1995Jim HarbaughIndianapolis ColtsQuarterback
16%
2002Tommy MaddoxPittsburgh SteelersQuarterback
16%
1995Garrison HearstArizona CardinalsRunning Back
15%
2001Garrison HearstSan Francisco 49ersRunning Back
15%
1998Doug FlutieBuffalo BillsQuarterback
14%
2003Jon KitnaCincinatti BengalsQuarterback
13%
1984John StallworthPittsburgh SteelersWide Receiver
12%
1987Charles WhiteLos Angeles RamsRunning Back
10%
1972Earl MorrallMiami DolphinsQuarterback
9%
2004Willis McGaheeBuffalo BillsRunning Back
9%
1977Craig MortonDenver BroncosQuarterback
7%
1986Tommy KramerMinnesota VikingsQuarterback
6%
1997Robert BrooksGreen Bay PackersWide Receiver
5%
2007Greg EllisDallas CowboysDefensive End
4%
1991Jim McMahonPhiladelphia EaglesQuarterback
4%
1990Barry WordKansas City ChiefsRunning Back
3%
1988Greg BellLos Angeles RamsRunning Back
3%
1976Greg LandryDetroit LionsQuarterback
3%
1982Lyle AlzadoLos Angeles RaidersDefensive End
3%
1973Roman GabrielPhiladelphia EaglesQuarterback
3%
1975Dave HamptonAtlanta FalconsRunning Back
1%

Score Distribution

Percentile by Number Answered

Percent of People with Each Score

Your Score History

You have not taken this quiz since the last reset